书目信息 |
| 题名: |
20世纪中国人文社会科学方法问题
|
|
| 作者: | 李承贵 著 | |
| 分册: | ||
| 出版信息: | 长沙 湖南教育出版社 2000 |
|
| 页数: | 572页 | |
| 开本: | 32开 | |
| 丛书名: | 20世纪中国学术问题研究丛书 | |
| 单 册: | ||
| 中图分类: | C3 | |
| 科图分类: | ||
| 主题词: | 社会科学--研究方法--研究方法--现代 | |
| 电子资源: | ||
| ISBN: | 7-5355-3379-5 | |
| 000 | 00718nam0 2200229 45 | |
| 001 | 0211201583 | |
| 005 | 20031219104101.3 | |
| 010 | @a7-5355-3379-5@b精装@dCNY28.20 | |
| 100 | @a20021120d2000 km y0chiy0120 ea | |
| 101 | 0 | @achi |
| 105 | @a z 000yy | |
| 200 | 1 | @a20世纪中国人文社会科学方法问题@A20 Shi Ji Zhong Guo Ren Wen She Hui KeXue Fang Fa Wen Ti@f李承贵著@FLiCheng Gui Zhu |
| 210 | @a长沙@c湖南教育出版社@d2000 | |
| 215 | @a572页@d32开 | |
| 225 | @a20世纪中国学术问题研究丛书 | |
| 410 | @12001 @a20世纪中国学术问题研究丛书 | |
| 606 | 0 | @a社会科学@x研究方法@x研究方法@z现代 |
| 607 | @a中国 | |
| 690 | @aC3@v4 | |
| 701 | @a李承贵@4著 | |
| 801 | @aCN@bTSTC@c20021120 | |
| 905 | @b318274-278@dC3@e122@f5 | |
| 20世纪中国人文社会科学方法问题/李承贵著.-长沙:湖南教育出版社,2000 |
| 572页;32开.-(20世纪中国学术问题研究丛书) |
| ISBN 7-5355-3379-5(精装):CNY28.20 |
| ● |
| 相关链接 |
|
|
|
|
正题名:20世纪中国人文社会科学方法问题
索取号:C3/122
 
预约/预借
| 序号 | 登录号 | 条形码 | 馆藏地/架位号 | 状态 | 备注 |
| 1 | 0318274 | 203182741 | 密集书库/ [索取号:C3/122] | 在馆 | |
| 2 | 0318275 | 203182750 | 第一借阅区/ [索取号:C3/122] | 在馆 | |
| 3 | 0318276 | 203182769 | 第一借阅区/ [索取号:C3/122] | 在馆 | |
| 4 | 0318277 | 203182778 | 密集书库/ [索取号:C3/122] | 在馆 | |
| 5 | 0318278 | 203182787 | 第一样本阅览室/ [索取号:C3/122] | 在馆 |